| 000 | 00494nam a22001697a 4500 | ||
|---|---|---|---|
| 003 | OSt | ||
| 005 | 20120302151958.0 | ||
| 008 | 091210t xxu||||| |||| 00| 0 eng d | ||
| 035 | _a६७७३ | ||
| 040 | _cमराठी | ||
| 100 |
_aजोशी, प्र. न. _911178 |
||
| 245 | _aसुबोध मराठी शब्दकोश | ||
| 250 | _a१ ली | ||
| 260 |
_aपुणे _bअनुपम _c१९८१ |
||
| 300 | _a३८४ पाने | ||
| 942 |
_2ddc _cBOOK |
||
| 999 |
_c495861 _d495858 |
||